| 000 | 01047nam a22003017a 4500 | ||
|---|---|---|---|
| 001 | 7796 | ||
| 003 | FISKH | ||
| 005 | 20250828131210.0 | ||
| 008 | 250807b cb ||||| |||| 00| 0 eng d | ||
| 020 | _a9780545208987 | ||
| 040 |
_aFISKH _beng _cFISKH _dFISKH |
||
| 050 | _aE155 .K226 | ||
| 082 | _a973 | ||
| 100 |
_aKeenan, Sheila _d(1953-) |
||
| 245 |
_aGreetings from the 50 states : _bHow they got their names / _cBy Sheila Keenan ; Illustrated by Selina Alko |
||
| 250 | _aThis edition first published in 2009 | ||
| 260 |
_aNew York : _bScholastic, _c2008 |
||
| 300 |
_a112 pages : _bcolor illustrations ; _c28 cm |
||
| 505 | _aZ | ||
| 520 | _aThe story behind each state's name and nickname is told in this informative book providing historical facts, fun trivia, and a helpful geography lesson. | ||
| 521 | 8 |
_a970
_bLexile |
|
| 521 | 8 |
_aZ
_bRaz-Plus |
|
| 650 |
_2States _aStates & Capitals |
||
| 650 |
_2Cities and States _aHolland Gertrude |
||
| 700 |
_aAlko, Selina _dillustrator |
||
| 942 |
_2ddc _cBK _n0 |
||
| 999 |
_c7796 _d7796 |
||